General’s odyssey: Giving up is not an option (Record no. 395594)

MARC details
000 -LEADER
fixed length control field 00519 a2200193 4500
005 - DATE & TIME
control field 20260309123156.0
008 - FIXED-LENGTH DATA ELEMENTS--GENERAL INFORMATION
fixed length control field 260309b |||||||| |||| 00| 0 eng d
020 ## - ISBN
International Standard Book Number 9788198445896
Price Rs. 995.00
040 ## - CATALOGING SOURCE
Original cataloging agency VIVEKANANDA LIBRARY
082 ## - DDC NUMBER
Classification number 355.0092
Book Number A48G
100 ## - MAIN ENTRY--PERSONAL NAME
Personal name Ahluwalia, V K
245 ## - TITLE STATEMENT
Title General’s odyssey: Giving up is not an option
260 ## - PUBLICATION, DISTRIBUTION, ETC. (IMPRINT)
Name of publisher, distributor, etc Pentagon Press
Date of publication, distribution, etc 2025
Place of publication, distribution, etc New Delhi
300 ## - PHYSICAL DESCRIPTION
Pages xvi, 239
650 ## - Subject
Subject Military Science
650 ## - Subject
Subject Defence Studies
650 ## - Subject
Subject Military Leaders
942 ## - ADDED ENTRY ELEMENTS (KOHA)
Koha item type Books
Holdings
Withdrawn status Lost status Source of classification or shelving scheme Damaged status Not for loan Location (home branch) Sublocation or collection (holding branch) Shelving location Date acquired Koha issues (times borrowed) Koha full call number Accession No. Koha date last seen Koha item type
    Dewey Decimal Classification     VIVEKANANDA LIBRARY VIVEKANANDA LIBRARY Vivekananda Library 27/01/2026   355.0092 A48G 444654 27/01/2026 Books
© Designed and Maintained by Vivekananda Library, MDU Rohtak